| 000 | 00324nam a2200121Ia 4500 | ||
|---|---|---|---|
| 008 | 190216s9999||||xx |||||||||||||| ||und|| | ||
| 100 | _a"Hegda D A,Kulkarni A B N & Kalkaundrikar" | ||
| 245 | 0 | _aIndian Economy A Modern Approch | |
| 260 |
_bRchand And Company _c1975 |
||
| 300 | _a400p | ||
| 650 | _aEconomics | ||
| 942 | _cBK | ||
| 999 |
_c9345 _d9345 |
||